Daniel y los leones dorados
Պահպանված է:
| Հիմնական հեղինակ: | |
|---|---|
| Ձևաչափ: | Գիրք |
| Լեզու: | իսպաներեն |
| Հրապարակվել է: |
Santiago
Andrés Bello
1985
|
| Հրատարակություն: | 1a. ed |
| Շարք: | Colección Club de Lectores, 75
|
| Խորագրեր: | |
| Ցուցիչներ: |
Ավելացրեք ցուցիչ
Չկան պիտակներ, Եղեք առաջինը, ով նշում է այս գրառումը!
|
MARC
| LEADER | 00000cam a2200000 a 4500 | ||
|---|---|---|---|
| 001 | UCH6703 | ||
| 003 | CL-VaPUC | ||
| 008 | 091109e19850000CL |||||||||||||||||spa|d | ||
| 082 | 0 | 4 | |a Ch863 |b VEG |2 21 |
| 100 | 0 | |a Vergara, José Manuel |e author |9 543334 | |
| 245 | 1 | 0 | |a Daniel y los leones dorados |
| 250 | |a 1a. ed | ||
| 300 | |a 207 p | ||
| 942 | |c BK | ||
| 945 | |d 20091109 00:00:00 |a lazolas | ||
| 260 | |a Santiago |b Andrés Bello |c 1985 | ||
| 650 | 0 | |a Novelas chilenas |9 265425 | |
| 650 | 0 | |a Literatura chilena |9 308278 | |
| 490 | 0 | |a Colección Club de Lectores, 75 | |
| 999 | |c 337539 |d 337537 | ||
| 583 | |k Rodrigo Vera | ||
| 952 | |0 0 |1 0 |3 erb |4 0 |6 CH_863_000000000000000_VEG_1985 |7 0 |8 A |9 430076 |a BIBEDU |b BIBEDU |i 5336104 |o Ch863 VEG 1985 |p 5336104 |r 2019-11-22 |w 2019-11-22 |y BK |z Catalogado en:20160807 |k EPE | ||